00591nam a2200193Ia 4500008004100000020002900041040001900070041001200089082002700101100002000128245008800148260003200236300001700268440002100285650002100306651002800327700002200355850002000377140110s9999 xx 000 0 und d a9780140444605cRs.250.00 aLoreto College aEnglish a870.4/VASbLCLIB/48002 aVasari, Giorgio aLives of the artists, Vol.IIcGiorgio Vasari. A selection translated by George Bull aLondonbPenguin Booksc1987 aVol.II,373p. aPenguin Classics aLatin literature aArtists-Italy-Biography aBull, George, tr. aLCLIB/870.4/VAS